ARRUPE JESUIT UNIVERSITY

CORONAVIRUS -STOP THE SPREAD - CLEAN,DISINFECT,COVER

Picture this / (Record no. 118206)

MARC details
000 -LEADER
fixed length control field 00796cam a22002898a 4500
001 - CONTROL NUMBER
control field 683255
003 - CONTROL NUMBER IDENTIFIER
control field ARRUPE
005 - DATE AND TIME OF LATEST TRANSACTION
control field 20131001164020.0
008 - FIXED-LENGTH DATA ELEMENTS--GENERAL INFORMATION
fixed length control field 880927s1988 nyu 000 1 eng
010 ## - LIBRARY OF CONGRESS CONTROL NUMBER
LC control number 88004552
035 ## - SYSTEM CONTROL NUMBER
System control number (OCoLC)17648856
035 ## - SYSTEM CONTROL NUMBER
System control number (OCoLC)ocm17648856
035 ## - SYSTEM CONTROL NUMBER
System control number (CStRLIN)NYCG88-B69547
035 ## - SYSTEM CONTROL NUMBER
System control number (NNC)683255
040 ## - CATALOGING SOURCE
Modifying agency COc
Transcribing agency u
050 0# - LIBRARY OF CONGRESS CALL NUMBER
Classification number PS3558.E476
Item number P5 1988
082 0# - DEWEY DECIMAL CLASSIFICATION NUMBER
Classification number 813/.54
Edition number 19
090 ## - LOCALLY ASSIGNED LC-TYPE CALL NUMBER (OCLC); LOCAL CALL NUMBER (OCLC)
Classification number (OCLC) (R) ; Classification number, CALL (RLIN) (NR) PS3558.E476
Local cutter number (OCLC) ; Book number/undivided call number, CALL (RLIN) P5 1988
300 ## - PHYSICAL DESCRIPTION
Dimensions 24 cm.
100 1# - MAIN ENTRY--PERSONAL NAME
Personal name Heller, Joseph.
9 (RLIN) 1944
245 10 - TITLE STATEMENT
Title Picture this /
Statement of responsibility, etc Joseph Heller.
260 ## - PUBLICATION, DISTRIBUTION, ETC. (IMPRINT)
Place of publication, distribution, etc New York :
Name of publisher, distributor, etc Putnam,
Date of publication, distribution, etc c1988.
300 ## - PHYSICAL DESCRIPTION
Extent 352 p. ;
600 00 - SUBJECT ADDED ENTRY--PERSONAL NAME
Personal name Rembrandt Harmenszoon van Rijn,
Dates associated with a name 1606-1669
Form subdivision Fiction.
9 (RLIN) 1945
600 00 - SUBJECT ADDED ENTRY--PERSONAL NAME
Personal name Aristotle
Form subdivision Fiction.
9 (RLIN) 1946
942 ## - ADDED ENTRY ELEMENTS (KOHA)
Source of classification or shelving scheme Library of Congress Classification
Koha item type Monograph ( Printed materials)
Holdings
Withdrawn status Lost status Source of classification or shelving scheme Damaged status Not for loan Home library Current library Date acquired Total Checkouts Full call number Barcode Date last seen Price effective from Koha item type
    Library of Congress Classification     ARRUPE LIBRARY ARRUPE LIBRARY 01/10/2013   PS3558.E476 P5 1988 46411429 01/10/2013 01/10/2013 Monograph ( Printed materials)

 

Arrupe Library. PO Box MP320 Mt Pleasant, Harare, Zimbabwe
263 242 745411|librarian@aju.ac.zw